000 00832nam a2200217Ia 4500
001 15543
003 GE_BSU
008 181216s||||||||xx |||||||||||||| ||und||
040 _cGE_BSU
100 _aბიკოვი, ვასილ
245 _aსოტნიკოვი-გათენებამდე მაცოცხლა
245 _bმოთხრობები
245 _cბელორს. თარგმნეს ა. ვიაზნიკოვმა და ზ. კიკნაძემ
260 _aთბილისი
260 _bსაბჭ. საქართველო
260 _c1981
300 _a316გვ..20სმ
653 _aმოთხრობები
653 _aსოტნიკოვი-გათენებამდე მაცოცხლა
942 _cBK
999 _c48643
_d48643